000
00251nam a22001217a 4500
008
181101b xxu||||| |||| 00| 0 eng d
041
_a
eng
080
_a
579
100
_a
11
101
_a
MIC
245
_a
Human Mycoses
_c
James.p
942
_2
udc
_c
BK
999
_c
51431
_d
51431